Mária Filcíková-Herfortová: VÝCHOVA ŘEČI U DĚTÍ PŘEDŠKOLNÍHO VĚKU

Bibliographic Details
Main Author: Faltin, Michal, 1907-1981 (Author)
Format: Article
Language:Slovak

MARC

LEADER 00000nab a2200000ua 4500
001 vtls010854183
003 SK-MaSNL
005 20260303120441.0
008 230131s1957 xo |||||||||||||||||slo|
035 |a (urnnbn)urn:nbn:sk:snk:ar-a07fuj 
035 |a urn:nbn:sk:snk-ab6dsg 
035 |a (uuid)c856d569-388c-4a87-a97a-752ee97f0b21 
040 |a SNKBUCL  |b slo  |c SNKBUCL  |e AACR2 
041 0 |a slo 
044 |a xo  |c SK 
100 1 |a Faltin, Michal,  |d 1907-1981  |4 aut  |9 169651 
245 1 0 |a Mária Filcíková-Herfortová: VÝCHOVA ŘEČI U DĚTÍ PŘEDŠKOLNÍHO VĚKU  |c Michal Faltin 
773 0 |t Materská škola : pedagogický časopis pre učiteľky materských škôl  |g Roč. 4, č. 6 (1957), s. 191-[192] 
954 |a odborná, vedecká literatúra pôvodná (slovenská)  |2 lita 
958 |a OND 
958 |a EUIPO 
958 |a article5 
999 |c 1909721  |d 1911651